000 00580nam a2200217Ia 4500
005 20260429111915.0
008 260429s9999||||xx |||||||||||||| ||und||
020 _a9788119671779
041 _aEnglish
082 _a418.0071
_bKUM
100 _aKumar, Rajesh
245 0 _aLearn English in Tamil /
_cRajesh Kumar
260 _aChennai :
_bNational Academic Press,
_c2025.
300 _aviii, 394 p.; pbk
650 _a Grammars
650 _a Language teaching
650 _a Tamil-English
650 _aLinguistics
700 _a Sathyanathan, Karthika
942 _cTB
999 _c51366
_d51366